Ross and Wilson Anatomy and Physiology in Health and Illness (Record no. 8618)

MARC details
000 -LEADER
fixed length control field 00563nam a22001937a 4500
003 - CONTROL NUMBER IDENTIFIER
control field OSt
008 - FIXED-LENGTH DATA ELEMENTS--GENERAL INFORMATION
fixed length control field 200320b ||||| |||| 00| 0 eng d
020 ## - INTERNATIONAL STANDARD BOOK NUMBER
International Standard Book Number 9780702053269
082 ## - DEWEY DECIMAL CLASSIFICATION NUMBER
Classification number 611 WAR
100 ## - MAIN ENTRY--PERSONAL NAME
Personal name Waugh, Anne
245 ## - TITLE STATEMENT
Title Ross and Wilson Anatomy and Physiology in Health and Illness
250 ## - EDITION STATEMENT
Edition statement 13th (2018)
260 ## - PUBLICATION, DISTRIBUTION, ETC. (IMPRINT)
Place of publication, distribution, etc New Delhi
Name of publisher, distributor, etc Elsevier India
300 ## - PHYSICAL DESCRIPTION
Extent Paperback: 560 pages, Dimensions: 21.7 x 2.2 x 27.7 cm
500 ## - GENERAL NOTE
General note Reading level: 18+ years
650 ## - SUBJECT ADDED ENTRY--TOPICAL TERM
Topical term or geographic name as entry element Human Anatomy and Physiology
700 ## - ADDED ENTRY--PERSONAL NAME
Personal name Grant, Allison
942 ## - ADDED ENTRY ELEMENTS (KOHA)
Source of classification or shelving scheme Dewey Decimal Classification
Koha item type Text Books
Holdings
Withdrawn status Lost status Source of classification or shelving scheme Damaged status Not for loan Collection code Home library Current library Date acquired Source of acquisition Currency Cost, normal purchase price Bill Number Total Checkouts Full call number Acc. no. / Barcode Date last seen Date last borrowed Actual Cost, discounted price Bill Date Koha item type Shelving location
    Dewey Decimal Classification     B.Pharma PIET C-LIBRARY PIET C-LIBRARY 07/01/2020 Kirti Prakashan IN Rupees 1195.00 IN5980 45 611 WAR BP440 13/02/2026 30/01/2026 836.50 07/01/2020 Text Books  
    Dewey Decimal Classification     B.Pharma PIET C-LIBRARY PIET C-LIBRARY 07/01/2020 Kirti Prakashan IN Rupees 1195.00 IN5980   611 WAR BP441 20/03/2020   836.50 07/01/2020 Reference Books Ref. Sec. R11
    Dewey Decimal Classification     B.Pharma PIET C-LIBRARY PIET C-LIBRARY 07/01/2020 Kirti Prakashan IN Rupees 1195.00 IN5980 49 611 WAR BP442 02/12/2025 20/11/2025 836.50 07/01/2020 Text Books  
    Dewey Decimal Classification     B.Pharma PIET C-LIBRARY PIET C-LIBRARY 07/01/2020 Kirti Prakashan IN Rupees 1195.00 IN5980 47 611 WAR BP443 26/05/2026 13/05/2026 836.50 07/01/2020 Text Books  
    Dewey Decimal Classification     B.Pharma PIET C-LIBRARY PIET C-LIBRARY 07/01/2020 Kirti Prakashan IN Rupees 1195.00 IN5980 54 611 WAR BP444 09/02/2026 29/01/2026 836.50 07/01/2020 Text Books  
    Dewey Decimal Classification     B.Pharma PIET C-LIBRARY PIET C-LIBRARY 07/01/2020 Kirti Prakashan IN Rupees 1195.00 IN5980 43 611 WAR BP445 02/02/2026 30/01/2026 836.50 07/01/2020 Text Books  
    Dewey Decimal Classification     B.Pharma PIET C-LIBRARY PIET C-LIBRARY 07/01/2020 Kirti Prakashan IN Rupees 1195.00 IN5980 42 611 WAR BP446 29/04/2026 04/02/2025 836.50 07/01/2020 Text Books  
    Dewey Decimal Classification     B.Pharma PIET C-LIBRARY PIET C-LIBRARY 07/01/2020 Kirti Prakashan IN Rupees 1195.00 IN5980 58 611 WAR BP447 10/03/2026 05/03/2026 836.50 07/01/2020 Text Books  
    Dewey Decimal Classification     B.Pharma PIET C-LIBRARY PIET C-LIBRARY 07/01/2020 Kirti Prakashan IN Rupees 1195.00 IN5980 40 611 WAR BP448 20/05/2026 12/05/2026 836.50 07/01/2020 Text Books  
    Dewey Decimal Classification     B.Pharma PIET C-LIBRARY PIET C-LIBRARY 07/01/2020 Kirti Prakashan IN Rupees 1195.00 IN5980 35 611 WAR BP449 15/04/2026 21/05/2025 836.50 07/01/2020 Text Books  

Design & Developed by: PIET Central Library
R70 Miles Stone Pattikalyana Samalkha Panipat 132102
mail ID :- [email protected], Phone No:- 0180-2569700 Ex.216